[Event "GER-ch Seniors 50 31st"]
[Site "Radebeul"]
[Date "2019.05.04"]
[Round "9"]
[White "Eilmes, Franco"]
[Black "Weser, Dietmar"]
[Result "1-0"]
[WhiteElo "1778"]
[BlackElo "1566"]
[PlyCount "91"]
[EventDate "2019.04.26"]
[EventType "swiss"]
[EventRounds "9"]
[EventCountry "GER"]
[SourceTitle "CBM 190 Extra"]
[Source "ChessBase"]
[SourceDate "2019.07.15"]
[SourceVersion "1"]
[SourceVersionDate "2019.07.15"]
[SourceQuality "1"]

1. e4 c5 2. Nf3 e6 3. d3 Nc6 4. Nbd2 d6 5. g3 Nf6 6. Bg2 Be7 7. 0-0 0-0 8. a4 b6 9. c3 Bb7 10. Re1 a5 11. Nc4 Rb8 12. Na3 h6 13. Nb5 Ba6 14. Qc2 e5 15. Nh4 Bc8 16. Nf5 Ba6 17. Nxe7+ Nxe7 18. f4 Bxb5 19. axb5 Qd7 20. c4 exf4 21. Bxf4 Ng6 22. Bd2 Ne5 23. Bc3 Rfd8 24. Rad1 Qe6 25. Qe2 Nh7 26. Rf1 Ng5 27. b3 Nh3+ 28. Bxh3 Qxh3 29. d4 Qg4 30. Qxg4 Nxg4 31. Rf3 cxd4 32. Rxd4 Ne5 33. Rf1 Ng4 34. Rfd1 Ne3 35. R1d2 Ng4 36. Rxd6 Rxd6 37. Rxd6 Ne3 38. Kf2 Ng4+ 39. Kg2 Ne3+ 40. Kh3 h5 41. Bd4 Ng4 42. e5 a4 43. Rxb6 Rxb6 44. Bxb6 a3 45. Bd4 Nf2+ 46. Bxf2 1-0

[Event "Leutersdorf Sparkasse op 15th"]
[Site "Leutersdorf"]
[Date "2011.02.20"]
[Round "7"]
[White "Franke, Daniel"]
[Black "Weser, Dietmar"]
[Result "0-1"]
[WhiteElo "991"]
[BlackElo "1658"]
[PlyCount "85"]
[EventDate "2011.02.18"]
[EventType "swiss"]
[EventRounds "7"]
[EventCountry "GER"]
[SourceTitle "CBM 141 Extra"]
[Source "ChessBase"]
[SourceDate "2011.05.03"]
[SourceVersion "1"]
[SourceVersionDate "2011.05.03"]
[SourceQuality "1"]

1. e4 c5 2. Nf3 a6 3. Nc3 e6 4. d4 cxd4 5. Nxd4 Nc6 6. Bc4 d6 7. 0-0 Be7 8. Re1 Nf6 9. Qf3 Nxd4 10. Qd3 Nc6 11. Rd1 0-0 12. Be3 Ng4 13. h3 Nxe3 14. Qxe3 Ne5 15. Bd3 Nxd3 16. Rxd3 b5 17. Rad1 Bb7 18. b3 f5 19. e5 f4 20. Qe1 d5 21. Ne4 Kh8 22. c4 Qc8 23. cxd5 exd5 24. Nd6 Bxd6 25. exd6 Qd7 26. Qe7 Qxe7 27. dxe7 Rfe8 28. Re1 Rac8 29. Rf3 g5 30. h4 Rc7 31. hxg5 Rcxe7 32. Rxe7 Rxe7 33. Rxf4 Kg7 34. Rh4 Kg6 35. f4 Bc8 36. g4 d4 37. Rh6+ Kg7 38. f5 Re1+ 39. Kf2 Rc1 40. f6+ Kg8 41. g6 hxg6 42. g5 d3 43. Rh3 0-1

[Event "Leutersdorf Sparkasse op 15th"]
[Site "Leutersdorf"]
[Date "2011.02.18"]
[Round "1"]
[White "Weser, Dietmar"]
[Black "Zimmermann, Rene"]
[Result "0-1"]
[WhiteElo "1658"]
[BlackElo "2115"]
[PlyCount "114"]
[EventDate "2011.02.18"]
[EventType "swiss"]
[EventRounds "7"]
[EventCountry "GER"]
[SourceTitle "CBM 141 Extra"]
[Source "ChessBase"]
[SourceDate "2011.05.03"]
[SourceVersion "1"]
[SourceVersionDate "2011.05.03"]
[SourceQuality "1"]

1. e4 e6 2. d4 d5 3. Nc3 Bb4 4. e5 Ne7 5. a3 Bxc3+ 6. bxc3 c5 7. f4 Nbc6 8. Nf3 0-0 9. Be2 Bd7 10. 0-0 f6 11. h3 Be8 12. dxc5 Qa5 13. Bd2 Qxc5+ 14. Kh1 Nf5 15. Kh2 fxe5 16. fxe5 Ne3 17. Bxe3 Qxe3 18. Qd3 Qh6 19. c4 dxc4 20. Qc3 Bh5 21. Ng1 Bxe2 22. Nxe2 Qh4 23. Rad1 Rxf1 24. Rxf1 Qe4 25. Re1 Rd8 26. Ng3 Qd4 27. Qxd4 Nxd4 28. Rc1 Rd5 29. c3 Nb5 30. a4 Nc7 31. Ne4 Rxe5 32. Nd6 b5 33. axb5 Nxb5 34. Nxc4 Rc5 35. Nd2 Nxc3 36. Nb3 Rc7 37. Nd4 Nb5 38. Rxc7 Nxc7 39. Nc6 a6 40. Kg3 Kf7 41. Kf3 Kf6 42. Ke4 Nd5 43. g4 h6 44. Na5 Kg5 45. Kf3 Kh4 46. Nc4 Kxh3 47. Ne5 a5 48. Ke4 a4 49. Nc4 Nc3+ 50. Ke5 Nb1 51. Kxe6 a3 52. Nxa3 Nxa3 53. Kf5 g5 54. Ke4 Kxg4 55. Ke3 Kh3 56. Kf3 Kh2 57. Kf2 h5 0-1

[Event "Dresden ZMD op"]
[Site "Dresden"]
[Date "2010.07.10"]
[Round "1"]
[White "Weser, Dietmar"]
[Black "Friesen, Viktor"]
[Result "0-1"]
[WhiteElo "1674"]
[BlackElo "2054"]
[PlyCount "105"]
[EventDate "2010.07.10"]
[EventType "swiss"]
[EventRounds "9"]
[EventCountry "GER"]
[SourceTitle "CBM 137 Extra"]
[Source "ChessBase"]
[SourceDate "2010.09.01"]
[SourceVersion "1"]
[SourceVersionDate "2010.09.01"]
[SourceQuality "1"]

1. e4 d5 2. exd5 Qxd5 3. Nc3 Qd8 4. d4 g6 5. Nf3 Bg7 6. Be3 Nh6 7. Be2 Nf5 8. 0-0 0-0 9. Rb1 c6 10. b3 Nd7 11. Ne4 Nf6 12. Nxf6+ Bxf6 13. c4 Qb6 14. c5 Qc7 15. Qd2 Rd8 16. Rbd1 Be6 17. Qc3 Bd5 18. Ne5 e6 19. Bf3 Bxe5 20. dxe5 Nxe3 21. Qxe3 Bxf3 22. gxf3 Rxd1 23. Rxd1 Rd8 24. Rxd8+ Qxd8 25. f4 Qd5 26. Qc3 h5 27. h4 Qd1+ 28. Kh2 Qg4 29. Qg3 Qe2 30. a4 Qd2 31. Qe3 Qd5 32. b4 a6 33. a5 Kg7 34. f5 exf5 35. Qc3 Kf8 36. Qe3 Ke8 37. f4 Kd7 38. Qf2 Ke6 39. Qe2 Qd4 40. Qa2+ Ke7 41. Qg2 Qxf4+ 42. Kg1 Qg4 43. b5 axb5 44. Kh2 Qxh4+ 45. Qh3 Qxh3+ 46. Kxh3 b4 47. Kh4 b3 48. Kg5 b2 49. Kh6 b1Q 50. a6 bxa6 51. Kg7 Qb2 52. Kh6 Qxe5 53. Kh7 0-1

[Event "GER Cup18 Gr33 email"]
[Site "GER email"]
[Date "2010.??.??"]
[Round "?"]
[White "Weser, Dietmar"]
[Black "Bendig, Frank"]
[Result "0-1"]
[WhiteElo "1843"]
[BlackElo "2016"]
[PlyCount "106"]
[EventDate "2010.??.??"]
[EventType "tourn (corr)"]
[EventRounds "6"]
[EventCountry "GER"]
[SourceTitle "Corr 2015"]
[Source "ChessBase"]
[SourceDate "2015.07.17"]
[SourceVersion "1"]
[SourceVersionDate "2015.07.17"]
[SourceQuality "1"]

1. e4 Nf6 2. e5 Nd5 3. d4 d6 4. Nf3 g6 5. Bc4 Nb6 6. Bb3 Bg7 7. a4 dxe5 8. a5 Nd5 9. dxe5 c6 10. c4 Nb4 11. Qxd8+ Kxd8 12. 0-0 Nd7 13. Rd1 Ke8 14. Ra4 Na6 15. e6 Ndc5 16. exf7+ Kxf7 17. Ng5+ Ke8 18. Ra3 Bg4 19. Nf3 Bf5 20. Nbd2 Nd3 21. Ra2 Rd8 22. Nf1 Nxc1 23. Rxc1 Nb4 24. Ra4 Nd3 25. Rd1 Nc5 26. Rxd8+ Kxd8 27. Ra3 Bxb2 28. Ra2 Bc3 29. Bd1 Kc7 30. Be2 e5 31. Ng3 Bb1 32. Ra3 Bb2 33. Re3 e4 34. Nd2 Bc2 35. Ndxe4 Nxe4 36. Nxe4 Bd4 37. Bd3 Bxe3 38. Bxc2 Bd4 39. Kf1 Rf8 40. c5 Rf5 41. g4 Rd5 42. f4 Be3 43. f5 gxf5 44. Nf6 Rxc5 45. Bxf5 Rxa5 46. Nxh7 Ra2 47. h4 a5 48. Ng5 Kd6 49. Nf7+ Kd5 50. h5 Rf2+ 51. Ke1 a4 52. Bh7 a3 53. Bg8 a2 0-1

[Event "GER theme 25-B06-P email"]
[Site "GER email"]
[Date "2008.01.10"]
[Round "?"]
[White "Weser, Dietmar"]
[Black "Peters, Andreas"]
[Result "0-1"]
[WhiteElo "1843"]
[BlackElo "2017"]
[PlyCount "76"]
[EventDate "2007.??.??"]
[EventType "tourn (corr)"]
[EventRounds "8"]
[EventCountry "GER"]
[SourceTitle "Corr 2011"]
[Source "ChessBase"]
[SourceDate "2010.08.31"]
[SourceVersion "1"]
[SourceVersionDate "2010.08.31"]
[SourceQuality "1"]

1. e4 g6 2. d4 Bg7 3. c4 d6 4. Nc3 Nf6 5. Nf3 0-0 6. Be2 e5 7. 0-0 exd4 8. Nxd4 Re8 9. f3 Nc6 10. Nxc6 bxc6 11. Bg5 h6 12. Bh4 g5 13. Bf2 Nd7 14. Rc1 a5 15. b3 Qe7 16. Qc2 Nc5 17. Bxc5 dxc5 18. Rcd1 Bd4+ 19. Kh1 Qe5 20. Na4 f5 21. Bd3 f4 22. Rfe1 h5 23. a3 g4 24. Be2 Qg5 25. Nc3 Bf2 26. Rf1 Bg3 27. fxg4 hxg4 28. h3 gxh3 29. Bf3 hxg2+ 30. Qxg2 Kf7 31. Kg1 Rg8 32. Ne2 Qh4 33. Nxg3 Rxg3 34. Bh5+ Ke7 35. Bf3 Bh3 36. Rf2 Bxg2 37. Bxg2 Rag8 38. a4 f3 0-1